000 00479nam a2200181Ia 4500
008 230711s9999||||xx |||||||||||||| ||und||
020 _a978-81-265-0837-2
041 _aENG
082 _a4
_bVA-E
100 _aVahid,Frank
245 0 _aEmbedded system design : a unified hardware/software introduction
250 _a3rd Ed.
260 _c2012
_aNew Delhi
_bWiley Eastern Limited
300 _a324
650 _aComputer Engineering
700 _aGivargis,Tony
942 _cBK
999 _c5642
_d5642